| 000 | 01526cam a2200385 i 4500 | ||
|---|---|---|---|
| 999 |
_c64561 _d64561 |
||
| 001 | 13439003 | ||
| 003 | CO-MdFUSB | ||
| 005 | 20200626110527.0 | ||
| 007 | ta | ||
| 008 | 031219t2006 mau g b 001 0 eng | ||
| 010 | _a 2003027731 | ||
| 020 | _a9781565637207 | ||
| 040 |
_aDLC _cCO-MdFUSB _dCO-MdFUSB _bspa _erda |
||
| 041 | _aeng | ||
| 042 | _apcc | ||
| 082 | 0 | 0 |
_224 _aG 220.609 _bY26h |
| 100 | 1 |
_aYarchin, William. _eautor |
|
| 245 | 1 | 0 |
_aHistory of biblical interpretation _b: a reader _c/ William Yarchin. |
| 264 | 1 |
_aGrand Rapids, Michigan : _bBaker Academic, _c[2006] |
|
| 264 | 4 | _c©2006 | |
| 300 |
_axxx, 444 páginas ; _c25 cm. |
||
| 336 |
_2rdacontent _atexto _btxt |
||
| 337 |
_2rdamedia _asin mediación _bn |
||
| 338 |
_2rdacarrier _avolumen _bnc |
||
| 501 | _aIncluye índice (páginas 433- 444) | ||
| 505 | _aParte uno: Interpretación judía pre rabínica (150 aC-70 dC) -- Parte dos: interpretación patrística y su legado (150-1500 aC) -- Parte tres: interpretación rabínica y herencia (150-150 dC) -- Parte cuatro: Interpretación moderna (1500- Presente) -- Parte cinco: Interpretación tardía moderna (1970-Presente) | ||
| 630 | 0 | 7 |
_aBiblia _xCrítica, interpretación, etc. |
| 653 | _aInterpretación bíblica | ||
| 906 |
_a7 _bcbc _corignew _d1 _eecip _f20 _gy-gencatlg |
||
| 942 | _cBK | ||
| 945 | _aJTF-925 | ||